| 000 | 00443nam a22001937a 4500 | ||
|---|---|---|---|
| 003 | CEME | ||
| 005 | 20210628203919.0 | ||
| 008 | 210305b xxu||||| |||| 00| 0 eng d | ||
| 020 | _a0-7195-5369-5 | ||
| 040 | _c. | ||
| 082 | _a530 DUN | ||
| 100 |
_aDuncon, Tom _967830 |
||
| 245 | _aAdvanced physics | ||
| 250 | _a4TH | ||
| 260 |
_aLONDON _bJOHN MURRAY _c1995 |
||
| 300 | _a587P | ||
| 650 |
_aPHYSICS-ADVANCED _967831 |
||
| 942 |
_cBK _2ddc |
||
| 999 |
_c575525 _d575525 |
||